000 00612nam a2200169 4500
001 2120
005 20230404125719.0
008 060907n2002 dr spa
035 _9funglode2128
041 _aFR
050 1 4 _aCD UNESCO 0058
110 _aOrganization des Nations Unies pour l'education, la Science et la Cultura
245 1 3 _aLa cybergovernance :
_bProfils nationaux /
_cOrganization des Nations Unies pour l'education, la Science et la Cultura
260 _aParis :
_bOrganization des Nations Unies pour l'education, la Science et la Cultura,
_c2002
300 _a87 p.
942 _2lcc
_ccd
999 _c3204
_d3204